Statistics for NBA Top 10 Little Players All-Time

Click here to take the quiz!

General Stats

  • This quiz has been taken 170 times
  • The average score is 4 of 11

Answer Stats

Player% Correct
Isiah Thomas
84%
Allen Iverson
81%
Chris Paul
66%
John Stockton
52%
Bob Cousy
39%
Nate Archibald
34%
Kevin Johnson
32%
Tim Hardaway
17%
Mark Price
14%
Gail Goodrich
10%
Lenny Wilkens
7%

Score Distribution

Percentile by Number Answered

Percent of People with Each Score

Your Score History

You have not taken this quiz